|
|
|
|
| LEADER |
00000nab a22000007a 4500 |
| 005 |
20160831160806.0 |
| 008 |
160112b cr ||||| |||| 00| 0 spa d |
| 090 |
|
|
|a REVIS 06.02.01
|
| 100 |
1 |
|
|9 1280
|a Araya Muñoz, Isabel
|
| 245 |
1 |
3 |
|a La formación dual y su fundamentación curricular /
|c Isabel Araya Muñoz
|
| 260 |
|
|
|a San José, Costa Rica :
|b Editorial Universidad de Costa Rica,
|c 2008
|
| 300 |
|
|
|a páginas 45-61
|
| 520 |
|
|
|a La educación dual es una modalidad de enseñanza y de aprendizaje que se realiza en dos lugares distintos; la institución educativa y la empresa, que se complementan mediante actividades coordinadas. El principio fundamental de este modelo pedagógico corresponde a la relación educación-trabajo en la formación profesional, que se cimienta en los enfoques tecnológico y humanista y debe ser abordado desde perspectivas filosóficas para determinar el tipo de ciudadano que se desea formar, sus valores universales como individuo y a partir de su convivencia con otros, desde el fundamento epistemológico define el saber y las diversas modalidades de conocimiento, su fundamento psicopedagógico comprende un proceso de enseñanza y de aprendizaje que interrelaciona la psicología y la pedagogía para orientar esa actividad en dos lugares distintos, la escuela y la empresa, mediante un enlace cooperativo, el fundamento socioeconómico que establece la visión de formación del recurso humano para la productividad y que se apega al desarrollo económico y social del individuo y de la sociedad en la que está inmersa
|
| 650 |
1 |
4 |
|9 1
|a EDUCACIÓN
|
| 773 |
0 |
|
|d San José, Costa Rica : Editorial de la Universidad de Costa Rica, 1997-
|o R0396
|t EDUCACIÓN: Revista de la Universidad de Costa Rica
|g Vol.32, no.1 (2008)
|
| 942 |
|
|
|h REVIS 06.02.01
|2 z
|c 10
|
| 999 |
|
|
|c 3008
|d 3008
|